000 00326nam a2200133Ia 4500
008 191201s2009 xx 000 0 und d
082 _a621.38
_bTOE
100 _aTOMASI, Wayne
245 0 _aElectronic Communications Systems
260 _aN.Delhi
_bPearson
_c2009
300 _a1115
650 _aB.Tech(ECE)
942 _2ddc
_cBK
999 _c3569
_d3569